Loading...
| Science - Other | 1 | 3 | 1 | 0 | 40 | 36 | 68.25 | 2 | 4 | 0.00 | 0.00 |
| Science - Physics | 0 | 3 | 0 | 0 | 30 | 56 | 75.00 | 2 | 3 | 0.00 | 0.00 |
| Religion | 2 | 0 | 0 | 0 | 30 | 37 | 56.50 | 0 | 2 | 0.00 | 0.00 |
| History - American | 1 | 1 | 0 | 0 | 25 | 56 | 71.00 | 0 | 2 | 0.00 | 0.00 |
| Fine Arts - Visual | 1 | 1 | 0 | 0 | 25 | 48 | 77.00 | 1 | 1 | 0.00 | 0.00 |
| Literature - European | 1 | 0 | 0 | 0 | 15 | 63 | 63.00 | 0 | 1 | 0.00 | 0.00 |
| Literature - British | 1 | 0 | 0 | 0 | 15 | 63 | 63.00 | 1 | 1 | 0.00 | 0.00 |
| Mythology | 0 | 2 | 1 | 0 | 15 | 93 | 94.00 | 1 | 2 | 0.00 | 0.00 |
| Geography | 0 | 1 | 0 | 0 | 10 | 136 | 136.00 | 0 | 1 | 0.00 | 0.00 |
| History - Other | 0 | 1 | 0 | 0 | 10 | 76 | 76.00 | 0 | 1 | 0.00 | 0.00 |
| Literature - American | 1 | 0 | 1 | 0 | 10 | 54 | 54.00 | 0 | 1 | 0.00 | 0.00 |
| Social Science | 0 | 1 | 1 | 0 | 5 | 108 | 108.00 | 0 | 0 | 0.00 | 0.00 |
| Fine Arts - Other | 0 | 1 | 1 | 0 | 5 | 111 | 111.00 | 0 | 0 | 0.00 | 0.00 |